Entry Personal Name
Number of records used in: 1
001 - CONTROL NUMBER
003 - CONTROL NUMBER IDENTIFIER
005 - DATE AND TIME OF LATEST TRANSACTION
- control field:
20231009151143.0
008 - FIXED-LENGTH DATA ELEMENTS
- fixed length control field:
831117n| azannaabn |n aaa
010 ## - LIBRARY OF CONGRESS CONTROL NUMBER
- LC control number:
n 83237979
035 ## - SYSTEM CONTROL NUMBER
- System control number:
(OCoLC)oca01354923
040 ## - CATALOGING SOURCE
- Original cataloging agency:
DLC
- Language of cataloging:
eng
- Transcribing agency:
DLC
- Modifying agency:
DLC
- Modifying agency:
OCoLC
- Modifying agency:
Uk
- Modifying agency:
DLC
- Description conventions:
rda
- Modifying agency:
IlMpPL
046 ## - SPECIAL CODED DATES
053 #0 - LC CLASSIFICATION NUMBER
- Classification number element--single number or beginning number of span:
PR6052.A729
100 1# - HEADING--PERSONAL NAME
- Personal name:
Barry, Sebastian,
- Dates associated with a name:
1955-
370 ## - ASSOCIATED PLACE
- Place of birth:
Dublin (Ireland)
- Source of term:
naf
374 ## - OCCUPATION
- Occupation:
Authors
- Occupation:
Dramatists
- Occupation:
Novelists
- Source of term:
lcsh
670 ## - SOURCE DATA FOUND
- Source citation:
His Macker's garden, 1982:
- Information found:
t.p. (Sebastian Barry)
670 ## - SOURCE DATA FOUND
- Source citation:
LC data base, 6/17/85
- Information found:
(hdg.: Barry, Sebastian, 1955- )
670 ## - SOURCE DATA FOUND
- Source citation:
Annie Dunne, 2002:
- Information found:
t.p. (Sebastian Barry) cover (born in Dublin, 1955; wrote the play "The steward of Christendom" and the novel "The whereabouts of Eneas McNulty")